Primetime Emmy Award for Outstanding Supporting Actress in a Drama Series - Statistics

General Stats
  • This quiz has been taken 188 times
  • The average score is 11 of 61
Answer Stats
Year Actress % Correct
2001 Allison Janney
54%
2000 Allison Janney
54%
2016 Maggie Smith
50%
2012 Maggie Smith
50%
1983 Doris Roberts
35%
2014 Anna Gunn
31%
2013 Anna Gunn
31%
2009 Cherry Jones
31%
1999 Holland Taylor
31%
1995 Julianna Margulies
27%
2002 Stockard Channing
27%
1967 Agnes Moorehead
23%
1958 Ann B. Davis
23%
2007 Katherine Heigl
23%
1988 Patricia Wettig
23%
2015 Uzo Aduba
23%
2010 Archie Panjabi
19%
1976 Ellen Corby
19%
1975 Ellen Corby
19%
1973 Ellen Corby
19%
1970 Gail Fisher
19%
1979 Kristy McNichol
19%
1977 Kristy McNichol
19%
1964 Ruth White
19%
2003 Tyne Daly
19%
1996 Tyne Daly
19%
1984 Alfre Woodard
15%
1968 Barbara Anderson
15%
1998 Camryn Manheim
15%
1997 Kim Delaney
15%
1994 Leigh Taylor-Young
15%
1990 Marg Helgenberger
15%
2011 Margo Martindale
15%
1982 Nancy Marchand
15%
1981 Nancy Marchand
15%
1980 Nancy Marchand
15%
1978 Nancy Marchand
15%
1962 Pamela Brown
15%
1954 Vivian Vance
15%
1959 Barbara Hale
12%
1985 Betty Thomas
12%
2006 Blythe Danner
12%
2005 Blythe Danner
12%
1987 Bonnie Bartlett
12%
1986 Bonnie Bartlett
12%
2008 Dianne Wiest
12%
2004 Drea de Matteo
12%
1963 Glenda Farrell
12%
1991 Madge Sinclair
12%
1993 Mary Alice
12%
1989 Melanie Mayron
12%
1956 Nanette Fabray
12%
1969 Susan Saint James
12%
1955 Audrey Meadows
8%
1961 Don Knotts
8%
1974 Joanna Miles
8%
1966 Lee Grant
8%
1972 Jenny Agutter
4%
1971 Margaret Leighton
4%
1957 Pat Carroll
4%
1992 Valerie Mahaffey
4%
No matching quizzes found
Score Distribution
Percent of People with Each Score
Percentile by Number Answered
Your Score History
You have not taken this quiz